Inovatívne metódy v riadení nákladov podniku

Charakteristika metódy ABC. Proces tvorby netódy ABC. Hlavné prínosy Activity Based Costing.

Na minha lista:
Detalhes bibliográficos
Autor principal: Chodasová, Zuzana
Formato: Capítulo de Livro
Idioma:eslovaco
Assuntos:
Tags: Adicionar Tag
Sem tags, seja o primeiro a adicionar uma tag!

MARC

LEADER 00000naa a2200000 4500
001 0143602
005 20220330080410.3
041 0 |a slo 
044 |a SK 
245 1 0 |a Inovatívne metódy v riadení nákladov podniku  |c Zuzana Chodasová 
520 |a Charakteristika metódy ABC. Proces tvorby netódy ABC. Hlavné prínosy Activity Based Costing. 
610 2 0 |a metóda ABC 
610 2 0 |a metódy riadenia 
610 2 0 |a inovácia 
610 2 0 |a náklady 
610 2 0 |a stratégia inovačná 
610 2 0 |a stratégia podnikateľská 
100 1 |a Chodasová, Zuzana